Vocabulary Quiz #3 - Statistics

General Stats
  • This quiz has been taken 21 times
  • The average score is 8 of 15
Answer Stats
Word and Country English Word % Correct
Gato Cat
95%
quiz quiz
90%
amor love
85%
Avion Plane
75%
Perro Dog
70%
aqui here
65%
Pajaro Bird
60%
Jet Jet
60%
juego game
50%
escuela secundaria High School
45%
Barba Beard
40%
Coche Car
40%
gran great
40%
toque touch
20%
picazon Itchy
5%
No matching quizzes found
Score Distribution
Percent of People with Each Score
Percentile by Number Answered
Your Score History
You have not taken this quiz